00751nam a22002177a 450000500170000000800410001702000310005804000190008904100120010808200160012010000240013624501530016025000180031326000440033130000190037550400510039465000280044570000230047370000270049685000100052320181116135840.0181115b xxu||||| |||| 00| 0 eng d a9789386725868c₹ 1195.00 aLoreto College aEnglish a371.33bPAU aPauleen, B. Deevena aICT for enriching teaching and learningbAs per NCTE new curriculum A.P. and other universitiescB. Deevena Pauleen, G. Srilatha and T. Swarupa Rani aFirst edition aNew DelhibNeelkamal Publicationsc2019 a307 p.b24 cm. aIncludes bibliographical references and index  aEducational Technology  4AuthaSrilatha, G. 4AuthaRani, T. Swarupa aLCBED